Sergio Renán /

Sergio Renán debutó como director con "La tregua" en 1974. El film, sobre la novela homónima de Mario Benedetti, reveló su inclinación por la buena literatura, a la vez que una sensibilidad muy afinada para los temas cotidianos y la indagación psicológica. Sus películas así lo confirman. E...

Descripción completa

Guardado en:
Autor Principal: Landini, Carlos.
Formato: Libro
Idioma:Undetermined
Publicado: Buenos Aires : Centro Editor de América Latina, 1994.
Series:Los directores del cine argentino ; 23
Materias:
Etiquetas: Agregar Etiqueta
Sin Etiquetas, Sea el primero en etiquetar este registro!
LEADER 01396nam a22002415a 4500
001 CEM.cems024763
008 250702s1994####ag############000#0#und#d
005 20250702151534.0
245 1 0 |a Sergio Renán /  |c Carlos Landini. 
260 |a Buenos Aires :  |b Centro Editor de América Latina,  |c 1994. 
300 |a 63 p. 
490 1 |a Los directores del cine argentino ;  |v 23 
500 |a Con el auspicio del Instituto Nacional de Cinematografía. 
500 |a Incluye filmografía y premios. 
520 |a Sergio Renán debutó como director con "La tregua" en 1974. El film, sobre la novela homónima de Mario Benedetti, reveló su inclinación por la buena literatura, a la vez que una sensibilidad muy afinada para los temas cotidianos y la indagación psicológica. Sus películas así lo confirman. El recorrido evaluativo de Carlos Ladini no elude los distintos aspectos que concurren a la comprensión de la personalidad de Renán: el consagrado actor que en la pantalla culminó con "Los siete locos" (1972), transitó la escena independiente y se convirtió en destacado director teatral en diversos géneros. 
020 |a 9502531728 
100 1 |a Landini, Carlos. 
653 |a Cine argentino 
653 |a Cine 
653 |a Historia del cine argentino 
653 |a Cine argentino-Historia 
653 |a Cinematografía 
859 |a CEMS  |b BIB. CEMS - 11 de abril  |h 778.50982  |i L257-1  |p 29953.25  |t Ej.1